00276nam a22000737a 4500008004100000040005500041245003600096260007000132230630b |||||||| |||| 00| 0 eng d aNational Science LibrarycNational Science Library aDiodele tunel si utilizarea lor bEditura academiei republicii socialiste romania aBucurestic1968